Loading...
| History - American | 0 | 8 | 2 | 3 | 70 | 32 | 75.50 | 0 | 2 | 23.29 | 27.29 |
| History - World | 0 | 6 | 0 | 0 | 60 | 50 | 63.67 | 0 | 2 | 22.12 | 30.76 |
| Current Events | 0 | 3 | 0 | 2 | 30 | 52 | 90.00 | 0 | 0 | 10.37 | 18.67 |
| Mythology | 0 | 4 | 2 | 0 | 30 | 38 | 69.75 | 0 | 1 | 13.31 | 15.00 |
| Social Science | 0 | 3 | 0 | 2 | 30 | 31 | 83.33 | 1 | 1 | 8.77 | 14.89 |
| Philosophy | 0 | 3 | 1 | 1 | 25 | 25 | 63.67 | 0 | 2 | 14.90 | 20.95 |
| History - European | 0 | 3 | 1 | 1 | 25 | 26 | 59.67 | 0 | 2 | 13.31 | 13.48 |
| History - Other | 0 | 4 | 3 | 0 | 25 | 49 | 61.50 | 2 | 3 | 15.19 | 31.97 |
| Science - Biology | 0 | 3 | 1 | 2 | 25 | 73 | 97.00 | 0 | 0 | 3.27 | 3.79 |
| Fine Arts - Other | 0 | 2 | 0 | 0 | 20 | 75 | 85.00 | 0 | 0 | 4.63 | 7.42 |
| Literature - World | 0 | 2 | 0 | 1 | 20 | 107 | 110.00 | 0 | 0 | 1.43 | 4.46 |
| Popular Culture | 0 | 2 | 0 | 0 | 20 | 72 | 79.50 | 0 | 0 | 8.41 | 15.00 |
| Science - Other | 0 | 3 | 2 | 1 | 20 | 54 | 75.33 | 0 | 0 | 7.36 | 11.67 |
| Religion | 0 | 2 | 1 | 2 | 15 | 97 | 97.50 | 0 | 0 | 1.73 | 1.74 |
| Science - Chemistry | 0 | 1 | 0 | 1 | 10 | 131 | 131.00 | 0 | 0 | 0.00 | 0.83 |
| Literature - American | 0 | 1 | 0 | 0 | 10 | 93 | 93.00 | 0 | 0 | 1.47 | 2.27 |
| Science - Physics | 0 | 1 | 1 | 1 | 5 | 105 | 105.00 | 0 | 0 | 0.00 | 1.65 |
| Fine Arts - Painting and Sculpture | 0 | 0 | 0 | 0 | 0 | 0.00 | 0 | 0 | 0.00 | 0.00 | |
| Geography | 0 | 1 | 2 | 0 | 0 | 79 | 79.00 | 0 | 0 | 6.02 | 7.27 |
| Fine Arts - Classical Music | 0 | 0 | 1 | 0 | -5 | 0.00 | 0 | 0 | 0.00 | 0.00 |